Určovanie hodnoty akcií Najdôležitejšími faktormi ovplyvňujúcimi ich hodnotu sú budúce príjmy akcionára

Vplyv na cenu akcií na trhu. Určenie výšky dividendy. Model nekonečného trhu konštantných dividend. Výpočet ceny akcie na základe známeho konečného trhu dividend. Zmiešaný model. Model pre akcie, ktoré nevyplácajú žiadne dividendy.

Saved in:
Bibliographic Details
Main Author: Kolárik, J.
Format: Book Chapter
Language:Slovak
Subjects:
Tags: Add Tag
No Tags, Be the first to tag this record!

MARC

LEADER 00000naa a2200000 4500
001 r018614
005 20221213100624.0
041 0 |a slo 
044 |a SK 
245 1 0 |a Určovanie hodnoty akcií  |b Najdôležitejšími faktormi ovplyvňujúcimi ich hodnotu sú budúce príjmy akcionára  |c J. Kolárik 
520 |a Vplyv na cenu akcií na trhu. Určenie výšky dividendy. Model nekonečného trhu konštantných dividend. Výpočet ceny akcie na základe známeho konečného trhu dividend. Zmiešaný model. Model pre akcie, ktoré nevyplácajú žiadne dividendy. 
610 2 0 |a akcie 
610 2 0 |a dividendy 
610 2 0 |a ceny 
610 2 0 |a modely 
100 1 |a Kolárik, J.